000 00349 a2200157 4500
001 62567
020 _a9788535926156
040 _cAnchieta - Pituba
100 _aAndrade, Carlos Drummond
240 1 0 _aO poder ultrajovem
_lpor
245 1 0 _aO poder ultrajovem
300 _a238
362 0 _a2015
650 4 _aCrônica brasileira
942 _cBK
999 _c62567
_d62567